Food safety of proteins in agricultural biotechnology (Record no. 11286)

MARC details
000 -LEADER
fixed length control field 02288cam a2200361Ia 4500
001 - CONTROL NUMBER
control field CRC000E3967PDF
003 - CONTROL NUMBER IDENTIFIER
control field BD-DhSAU
005 - DATE AND TIME OF LATEST TRANSACTION
control field 20151012144301.0
006 - FIXED-LENGTH DATA ELEMENTS--ADDITIONAL MATERIAL CHARACTERISTICS
fixed length control field m|||||o||d||||||||
007 - PHYSICAL DESCRIPTION FIXED FIELD--GENERAL INFORMATION
fixed length control field cr||||
008 - FIXED-LENGTH DATA ELEMENTS--GENERAL INFORMATION
fixed length control field 070524s2008 flu sb 001 0 eng d
020 ## - INTERNATIONAL STANDARD BOOK NUMBER
International Standard Book Number 9781420005738 (ebook : PDF)
040 ## - CATALOGING SOURCE
Original cataloging agency BD-DhSAU
Transcribing agency BD-DhSAU
090 ## - LOCALLY ASSIGNED LC-TYPE CALL NUMBER (OCLC); LOCAL CALL NUMBER (OCLC)
Classification number (OCLC) (R) ; Classification number, CALL (RLIN) (NR) S494.5.B563
Local cutter number (OCLC) ; Book number/undivided call number, CALL (RLIN) S24 2008
092 ## - LOCALLY ASSIGNED DEWEY CALL NUMBER (OCLC)
Classification number 363.192
Item number F686
245 00 - TITLE STATEMENT
Title Food safety of proteins in agricultural biotechnology
Medium [electronic resource] /
Statement of responsibility, etc. editor, Bruce G. Hammond.
250 ## - EDITION STATEMENT
Edition statement 1st ed.
260 ## - PUBLICATION, DISTRIBUTION, ETC. (IMPRINT)
Place of publication, distribution, etc. Boca Raton, FL :
Name of publisher, distributor, etc. CRC Press,
Date of publication, distribution, etc. 2008.
300 ## - PHYSICAL DESCRIPTION
Extent 320 p.
490 1# - SERIES STATEMENT
Series statement Food science and technology ;
Volume/sequential designation 172
504 ## - BIBLIOGRAPHY, ETC. NOTE
Bibliography, etc Includes bibliographical references and index.
505 0# - FORMATTED CONTENTS NOTE
Formatted contents note Protein structure and function in plants and animals -- The mode of action of bacterial protein toxins: the role of conformational changes in the life cycle of a protein toxin -- Safety assessment of Bacillus thuringiensis and bt crops used in insect control -- Ecological safety assessment of insecticidal proteins introduced into biotech crops -- The safety of microbial enzymes used in food processing -- Safety assessment of biotechnology-derived therapeutic drugs -- The food safety assessment of bovine somatotropin (bst) -- Assessment of food proteins for allergenic potential -- Methods for estimating the intake of proteins in food -- Safety assessment of proteins used in crops developed through agricultural biotechnology: industry perspective -- The safety assessment of proteins introduced into crops developed through agricultural biotechnology: a consolidated approach to meet current and future needs.
530 ## - ADDITIONAL PHYSICAL FORM AVAILABLE NOTE
Additional physical form available note Also available in print edition.
Availability source CRC Press (http://www.crcpress.com)
538 ## - SYSTEM DETAILS NOTE
System details note Mode of access: World Wide Web.
650 #0 - SUBJECT ADDED ENTRY--TOPICAL TERM
Topical term or geographic name as entry element Agricultural biotechnology
General subdivision Risk assessment.
650 #0 - SUBJECT ADDED ENTRY--TOPICAL TERM
Topical term or geographic name as entry element Bacterial proteins.
650 #0 - SUBJECT ADDED ENTRY--TOPICAL TERM
Topical term or geographic name as entry element Food
General subdivision Safety measures.
655 #7 - INDEX TERM--GENRE/FORM
Genre/form data or focus term Electronic books.
Source of term lcsh
700 1# - ADDED ENTRY--PERSONAL NAME
Personal name Hammond, Bruce G.
Fuller form of name (Bruce George),
Dates associated with a name 1947-
776 1# - ADDITIONAL PHYSICAL FORM ENTRY
International Standard Book Number 9780849339677
830 #0 - SERIES ADDED ENTRY--UNIFORM TITLE
Uniform title Food science and technology (Taylor & Francis) ;
Volume number/sequential designation 172.
856 40 - ELECTRONIC LOCATION AND ACCESS
Uniform Resource Identifier <a href="http://marc.crcnetbase.com/isbn/9781420005738">http://marc.crcnetbase.com/isbn/9781420005738</a>
Electronic format type application/PDF

No items available.